Ekonómia dobra a zla : po stopách ľudských otázok od Gilgameša po finnčnú krízu /

Salvato in:
Dettagli Bibliografici
Autore principale: Sedláček, Tomáš 1977 (Autore)
Natura: Libro
Lingua:slovacco
Pubblicazione: Praha 65. pole 2013
Edizione:1. slov. vyd.
Soggetti:
Tags: Aggiungi Tag
Nessun Tag, puoi essere il primo ad aggiungerne!!

MARC

LEADER 00000nam a22000003a 4500
001 0029907
003 SK-STU
005 20180112071723.7
007 ta
008 180112s ----xo-----e------000-0-----d
020 |a 978-80-87506-25-7 
040 |a STU  |b slo 
041 0 |a slo 
044 |a xr 
100 1 |a Sedláček, Tomáš  |d 1977  |4 aut 
245 1 0 |a Ekonómia dobra a zla :  |b po stopách ľudských otázok od Gilgameša po finnčnú krízu /  |c aut. Tomáš Sedláček 
250 |a 1. slov. vyd. 
260 |a Praha  |b 65. pole  |c 2013 
300 |a 370 s. 
650 0 7 |a ekonómia 
650 0 7 |a dejiny civilizácie 
650 0 7 |a dejiny ekonomických teórií 
996 |b 284M087556  |c M* 14055-1  |l MMKN  |s A  |a 24  |w 0029907_0001